Statistics for Words Beginning With Double Letters

Click here to take the quiz!

General Stats

  • This quiz has been taken 65 times
    (40 since last reset)
  • The average score is 6 of 11

Answer Stats

Answer% Correct
AAAardvark
89%
LLLlama
83%
EEEel
80%
EEEek
54%
EEEerie
54%
OOOoze
54%
OOOoh
51%
OOOops
46%
OOOodle
43%
OOOolong
31%
OOOogenesis
6%

Score Distribution

Percentile by Number Answered

Percent of People with Each Score

Your Score History

You have not taken this quiz since the last reset